书目信息 |
| 题名: |
功能共振分析方法
|
|
| 作者: | 郝纳根 著 ;田瑾 译 | |
| 分册: | ||
| 出版信息: | 北京 国防工业出版社 2015 |
|
| 页数: | 185页 | |
| 开本: | 24cm | |
| 丛书名: | ||
| 单 册: | ||
| 中图分类: | O321 | |
| 科图分类: | ||
| 主题词: | 共振--分析方法 | |
| 电子资源: | ||
| ISBN: | 978-7-118-09879-2 | |
| 000 | 01231nam0 2200277 450 | |
| 001 | 1757 | |
| 005 | 20161130163208.89 | |
| 010 | @a978-7-118-09879-2@dCNY58.00 | |
| 100 | @a20150326d2015 em y0chiy50 ea | |
| 101 | 1 | @achi@ceng |
| 102 | @aCN@b110000 | |
| 105 | @ay z 000yy | |
| 200 | 1 | @a功能共振分析方法@9gong neng gong zhen fen xi fang fa@dFRAM: the functional resonance analysis method modelling complex socio-technical systems@e复杂社会-技术系统建模@zeng@f(丹)Erik Hollnagel著@g田瑾[等]译 |
| 210 | @a北京@c国防工业出版社@d2015 | |
| 215 | @a185页@d24cm | |
| 300 | @a装备科技译著出版基金 | |
| 305 | @a由Ashgate Publishing Limited授权出版 | |
| 330 | @a本书从哲学高度阐述了社会和技术发展带来的事故本质的变化,对功能共振的事故原理及相关概念进行阐述,提出详细具体的分析步骤和方法,并给出若干应用案例。 | |
| 510 | 1 | @aFRAM: the functional resonance analysis method modelling complex socio-technical systems@zeng |
| 517 | 1 | @a复杂社会-技术系统建模@9fu za she hui - ji shu xi tong jian mo |
| 606 | 0 | @a共振@x分析方法 |
| 690 | @aO321@v5 | |
| 701 | 0 | @a郝纳根@9hao na gen@c(丹)@c(Hollnagel, Erik)@4著 |
| 702 | 0 | @a田瑾@9tian jin@4译 |
| 801 | 0 | @aCN@b大连网信软件有限公司图书馆·11@c20161130 |
| 905 | @aZUCC@dO321@e18 | |
| 功能共振分析方法=FRAM: the functional resonance analysis method modelling complex socio-technical systems:复杂社会-技术系统建模/(丹)Erik Hollnagel著/田瑾[等]译.-北京:国防工业出版社,2015 |
| 185页;24cm |
| 装备科技译著出版基金 |
| ISBN 978-7-118-09879-2:CNY58.00 |
| 本书从哲学高度阐述了社会和技术发展带来的事故本质的变化,对功能共振的事故原理及相关概念进行阐述,提出详细具体的分析步骤和方法,并给出若干应用案例。 |
| ● |
| 相关链接 |
|
|
|
|
正题名:功能共振分析方法
索取号:O321/18
 
预约/预借
| 序号 | 登录号 | 条形码 | 馆藏地/架位号 | 状态 | 备注 |
| 1 | 909916 | 209099161 | 第二样本阅览室/ [索取号:O321/18] | 在馆 | |
| 2 | 909917 | 209099170 | 第三借阅区/ [索取号:O321/18] | 在馆 | |
| 3 | 909918 | 209099189 | 第三借阅区/ [索取号:O321/18] | 在馆 | |
| 4 | 909919 | 209099198 | 第三借阅区/ [索取号:O321/18] | 在馆 | |
| 5 | 909920 | 209099205 | 第三借阅区/ [索取号:O321/18] | 在馆 |